Datum a čas kvízu
28.5
Celkem bodů
Celkový počet nahraných bodů na tomto kvízu bez doplňovacích otázek.
6.
Pořadí na kvízu
Konečné umístění týmu na tomto kvízu.
Zaznamenané odpovědi
| # | Otázka | Odpověď | Body | Výsledky |
|---|---|---|---|---|
| 1. | V pondělí přijel na státní náv... | z Belgie | 1 | |
| 2. | Terminálu jednoho letiště vévo... | ve Wellingtonu | 0 | |
| 3. | Minulý týden vyšlo album Ostra... | Michal Prokop | 1 | |
| 4. | Filipínské a americké vojenské... | D) Předčasné samovolné potopení filipínské lodi. | 0 | |
| 5. | Hokejový tým Utah, jehož brank... | Mammoth (Mamut) | 1 | |
| 6. | Podíváme se na historické udál... | O. J. Simpson, americký fotbal | 1 | |
| 7. | Seřaďte chronologicky tyto pol... | 1B 2D 3C 4A | 1 | |
| 8. | V České republice vystoupila o... | D | 0 | |
| 9. | Jak se nazývá stát, který vsto... | Chorvatsko | 0 | |
| 10. | Uveďte název města, kde byla p... | Turín; Nagano | 0.5 |